Nguyến Ái Quốc ở Pháp 1917 - 1923

Cuốn sách kể về cuộc sống và hoạt động cách mạng của Chủ Tịch Hồ Chí Minh trong thời gian ở Pháp từ 1917 - 1923

Αποθηκεύτηκε σε:
Λεπτομέρειες βιβλιογραφικής εγγραφής
Κύριος συγγραφέας: Nguyễn, Phan Quang
Μορφή: Βιβλίο
Γλώσσα:Undetermined
Έκδοση: Hà Nội Công an Nhân dân 2005
Θέματα:
Ετικέτες: Προσθήκη ετικέτας
Δεν υπάρχουν, Καταχωρήστε ετικέτα πρώτοι!
Thư viện lưu trữ: Trung tâm Học liệu Trường Đại học Cần Thơ
LEADER 00763nam a2200217Ia 4500
001 CTU_125932
008 210402s9999 xx 000 0 und d
020 |c 27000 
082 |a 327.2075092 
082 |b Qu106 
100 |a Nguyễn, Phan Quang 
245 0 |a Nguyến Ái Quốc ở Pháp 1917 - 1923 
245 0 |c Nguyễn Phan Quang 
260 |a Hà Nội 
260 |b Công an Nhân dân 
260 |c 2005 
520 |a Cuốn sách kể về cuộc sống và hoạt động cách mạng của Chủ Tịch Hồ Chí Minh trong thời gian ở Pháp từ 1917 - 1923 
650 |a Ho Chi Minh 
650 |x Biography 
904 |i Quang Hiếu 
980 |a Trung tâm Học liệu Trường Đại học Cần Thơ